[Event "ROM-chT Rapid"]
[Site "Sebes"]
[Date "2023.12.02"]
[Round "7.16"]
[White "Damian, Beniamin Ephraim"]
[Black "Vasile, Matei"]
[Result "0-1"]
[WhiteElo "1209"]
[BlackElo "1714"]
[PlyCount "82"]
[EventDate "2023.12.02"]
[EventType "team-swiss (rapid)"]
[EventRounds "8"]
[EventCountry "ROU"]
[SourceTitle "CBM 217 Extra"]
[Source "ChessBase"]
[SourceDate "2024.01.31"]
[SourceVersion "1"]
[SourceVersionDate "2024.01.31"]
[SourceQuality "1"]
[WhiteTeam "Cugir Metalurgistul"]
[BlackTeam "Bucharest CSU"]
[WhiteTeamCountry "ROU"]
[BlackTeamCountry "ROU"]

1. e4 c5 2. Nf3 Nc6 3. d4 cxd4 4. Nxd4 g6 5. Be3 Bg7 6. Nc3 Nf6 7. Bc4 0-0 8. Qd2 d6 9. 0-0 Bd7 10. Rfe1 Ng4 11. h3 Nxe3 12. Nxc6 Nxc4 13. Nxd8 Nxd2 14. Rad1 Rfxd8 15. Rxd2 Rac8 16. Rd3 Bxc3 17. bxc3 Bb5 18. Rde3 Rc5 19. Rb1 a6 20. f3 Rdc8 21. Rb3 R8c7 22. Kh2 Ba4 23. Rb2 Rxc3 24. Rxc3 Rxc3 25. Rxb7 Rxc2 26. Rb8+ Kg7 27. a3 Bb5 28. a4 Bf1 29. Kg1 Bxg2 30. Kh2 Bxf3+ 31. Kg3 Bxe4 32. Rb6 Bd3 33. h4 Ra2 34. a5 Rxa5 35. Rb3 Bb5 36. Re3 e5 37. Kg4 f5+ 38. Kh3 Ra4 39. Rc3 Rc4 40. Rd3 Rxh4+ 41. Kxh4 Bxd3 0-1